书目信息 |
| 题名: |
写作主体理论的教学实践
|
|
| 作者: | 于辉林 编著 | |
| 分册: | ||
| 出版信息: | 西安 西安出版社 2021 |
|
| 页数: | 424页 | |
| 开本: | 26cm | |
| 丛书名: | ||
| 单 册: | ||
| 中图分类: | G633.342 | |
| 科图分类: | ||
| 主题词: | 作文课--教学研究--高中 | |
| 电子资源: | ||
| ISBN: | 978-7-5541-4450-3 | |
| 000 | 00798nam0 2200229 450 | |
| 001 | 012001002209 | |
| 005 | 20140202121910.0 | |
| 010 | @a978-7-5541-4450-3@dCNY60.00 | |
| 100 | @a20220905d2021 em y0chiy50 ea | |
| 101 | 0 | @achi |
| 102 | @aCN@b610000 | |
| 105 | @ay z 000yy | |
| 106 | @ar | |
| 200 | 1 | @a写作主体理论的教学实践@Axie zuo zhu ti li lun de jiao xue shi jian@f于辉林编著 |
| 210 | @a西安@c西安出版社@d2021 | |
| 215 | @a424页@d26cm | |
| 330 | @a本书分为理论建构篇、教学实践篇两部分,提出了写作主体理论及其框架,构建了在高中阶段进行写作主体理论的教学实践的操作策略,并附有学生习作作为教学实践效果的证明。 | |
| 606 | 0 | @a作文课@x教学研究@x高中 |
| 690 | @aG633.342@v5 | |
| 701 | 0 | @a于辉林@Ayu hui lin@4编著 |
| 801 | 0 | @aCN@bAHXH@c20221111 |
| 905 | @b1367753-7@dG633.342@e1003@f5 | |
| 写作主体理论的教学实践/于辉林编著.-西安:西安出版社,2021 |
| 424页;26cm |
| ISBN 978-7-5541-4450-3:CNY60.00 |
| 本书分为理论建构篇、教学实践篇两部分,提出了写作主体理论及其框架,构建了在高中阶段进行写作主体理论的教学实践的操作策略,并附有学生习作作为教学实践效果的证明。 |
| ● |
| 相关链接 |
|
|
|
|
正题名:写作主体理论的教学实践
索取号:G633.342/1003
 
预约/预借
| 序号 | 登录号 | 条形码 | 馆藏地/架位号 | 状态 | 备注 |
| 1 | 1367753 | 213677537 | 第一样本阅览室/ [索取号:G633.342/1003] | 在馆 | |
| 2 | 1367754 | 213677546 | 教育系资料室/ [索取号:G633.342/1003] | 在馆 | |
| 3 | 1367755 | 213677555 | 教育系资料室/ [索取号:G633.342/1003] | 在馆 | |
| 4 | 1367756 | 213677564 | 第四借阅区/ [索取号:G633.342/1003] | 在馆 | |
| 5 | 1367757 | 213677573 | 第四借阅区/ [索取号:G633.342/1003] | 在馆 |